| 000 | 00753nam a22002537a 4500 | ||
|---|---|---|---|
| 005 | 20180131154110.0 | ||
| 008 | 131126b xxu||||| |||| 00| 0 eng d | ||
| 010 | _aPUN-7725 B-669856 | ||
| 020 | _c240.00 | ||
| 035 | _aPN-6843 | ||
| 035 | _aB-669856 | ||
| 037 | _bDBAD / PUB | ||
| 037 | _bArsee Publishers | ||
| 040 |
_adpl _bpn |
||
| 082 | _aਕ | ||
| 100 | _aਚੋਹਾਨ,ਗੁਲ | ||
| 245 |
_aਬੰਟੀ ਬਜ਼ਾਰ / _cਗੁਲ ਚੋਹਾਨ |
||
| 246 |
_aBunty Bazar _bby Gul Chauhan |
||
| 260 |
_aDelhi _bArsee Publishers _c2013 |
||
| 270 |
_bDelhi _aChandni Chowk _k011-65966481 |
||
| 300 | 4 |
_a144p. _c22ਸੇਂਮੀ (ਸਜਿਲੱਦ) |
|
| 942 |
_2ddc _cPN _hਕ _mਚੋਹਾਨ |
||
| 999 |
_c80891 _d80891 |
||